000 01387cam a2200217 4500500
005 20260208005124.0
041 _afre
042 _adc
100 1 0 _aNarvaez, Auréliane
_eauthor
245 0 0 _aReligion séculière et spiritualité panenthéiste
260 _c2019.
500 _a54
520 _aWhile historians of the early American republic have long argued that deism disappeared at the turn of the eighteenth and nineteenth centuries, this study intends to explore the resilience of a deistic form of free thought as it appears through the spiritual belief system of the communities of the Society for Universal Inquiry and Reform. Highly critical of the American society – which they considered plagued by many evils – these communities advocated a radical refashioning of the social, political and economic structures but sought above all a spiritual regeneration of man by forging a secular religion suffused with panentheistic undertones as the only path to practical happiness.
690 _acommunautés utopiques
690 _adéisme
690 _ainfidélité religieuse
690 _alibre pensée
690 _apanenthéisme
786 0 _nRevue française d’études américaines | 157 | 4 | 2019-02-15 | p. 34-57 | 0397-7870
856 4 1 _uhttps://shs.cairn.info/revue-francaise-d-etudes-americaines-2018-4-page-34?lang=fr&redirect-ssocas=7080
999 _c1650673
_d1650673